Tous les personnages de Dragon Ball Z : Budokai 3 - Statistiques

Statistiques générales
  • Ce quiz a été pris 140 fois
  • Le résultat moyen est 24 sur 38
Statistiques - réponses
Réponse % Correct
Son Goku
99%
Vegeta
98%
Son Gohan
96%
Freezer
93%
Majin Buu
92%
Super Buu
92%
Trunks
92%
Cell
91%
Cell Jr
91%
Son Goten
91%
Yamcha
90%
Piccolo
86%
Krilin
85%
C17
82%
C18
82%
Tenshinhan
80%
C16
77%
Broly
75%
Nappa
75%
Raditz
71%
Ginyu
67%
Cooler
62%
Videl
62%
Dr.Gero
56%
Dabra
49%
Hercule
47%
Bardock
46%
Li Shenron
39%
Saibamen
39%
Uub
35%
KaioShin
30%
Son Gohan Ado
30%
Son Goku enfant
28%
Son Gohan enfant
27%
Great Saiyaman
25%
Trunks enfant
23%
Buu enfant
22%
Reecome
22%
Aucun quiz correspondant
Distribution des résultats
% des personnes avec chaque résultat
Percentile par nombre de réponses
Votre historique - résultats
Vous n’avez pas pris ce quiz